ՀՀ Գիտությունների ազգային ակադեմիայի հիմնարար գիտական գրադարան  =   Fundamental Scientific Library of NAS RA

Урал : (Record no. 233549)

MARC details
000 -LEADER
fixed length control field 01514nas a2200265 a 4500
001 - CONTROL NUMBER
control field 000650548
003 - CONTROL NUMBER IDENTIFIER
control field AM-YeHGA
005 - DATE AND TIME OF LATEST TRANSACTION
control field 20250617141154.0
008 - FIXED-LENGTH DATA ELEMENTS--GENERAL INFORMATION
fixed length control field 090414c19899999ru mr p 0 0rus d
040 ## - CATALOGING SOURCE
Original cataloging agency AM-YeHGA
041 0# - LANGUAGE CODE
Language code of text/sound track or separate title rus
090 ## - LOCALLY ASSIGNED LC-TYPE CALL NUMBER (OCLC); LOCAL CALL NUMBER (RLIN)
-- 235109
222 00 - KEY TITLE
Key title Урал
245 00 - TITLE STATEMENT
Title Урал :
Remainder of title Ежемесячный литературно-художественный и общественно-политический журнал. /
Statement of responsibility, etc. Союз писателей РСФСР. Свердловская, Пермская, Челябинская, Тюменская, Оренбургская, Круганская, Башкирская, Удмургская писательские организации.
260 ## - PUBLICATION, DISTRIBUTION, ETC.
Place of publication, distribution, etc. Свердловск :
Name of publisher, distributor, etc. Урал,
Date of publication, distribution, etc. 1989- :.
270 ## - ADDRESS
Address ГСП-352, Малышева, 24
City Свердловск
Telephone number 51-77-11, 51-09-37, 51-62-78
300 ## - PHYSICAL DESCRIPTION
Extent номер.
310 ## - CURRENT PUBLICATION FREQUENCY
Current publication frequency Ежемесячный
362 ## - DATES OF PUBLICATION AND/OR SEQUENTIAL DESIGNATION
Dates of publication and/or sequential designation Основан в 1958 году
650 04 - SUBJECT ADDED ENTRY--TOPICAL TERM
Topical term or geographic name entry element Ամսագիր
650 14 - SUBJECT ADDED ENTRY--TOPICAL TERM
Topical term or geographic name entry element Художественная литература
Form subdivision Периодические издания
650 14 - SUBJECT ADDED ENTRY--TOPICAL TERM
Topical term or geographic name entry element Политика
Form subdivision Периодические издания
710 2# - ADDED ENTRY--CORPORATE NAME
Corporate name or jurisdiction name as entry element Союз писателей РСФСР. Свердловская, Пермская, Челябинская, Тюменская, Оренбургская, Круганская, Башкирская, Удмургская писательские организации.
942 ## - ADDED ENTRY ELEMENTS (KOHA)
Source of classification or shelving scheme Universal Decimal Classification
Koha item type Շարունակական պաշար / Continuing Resource
Holdings
Withdrawn status Lost status Damaged status Not for loan Collection Home library Current library Date acquired Serial enumeration / chronology Total checkouts Barcode Date last seen Price effective from Koha item type Public note
        General Fundamental Scientific Library Fundamental Scientific Library 29/12/2016 1989, № 1-12   650931-10 29/12/2016 29/12/2016 Շարունակական պաշար / Continuing Resource 30 Days Loan


ՀՀ ԳԱԱ հիմնարար գիտական գրադարան
ՀՀ,Երևան 0019
Մարշալ Բաղրամյան 24/6
հեռախոս:(374-10) 52-47-50
Հետադարձ կապ

All site content, except where otherwise noted, is licensed under a
Creative Commons License